| 000 | 00376nam a22001577a 4500 | ||
|---|---|---|---|
| 020 | _a9781844801114 | ||
| 050 |
_aQA 39.3 _b.L83 2002 |
||
| 100 | _aLucey .T | ||
| 245 | _aQuantitative Techniques | ||
| 250 | _a6th ed. | ||
| 260 |
_aLondon: _bCentage Learning, _c2002. |
||
| 300 | _aviii,558p. | ||
| 500 | _aIncludes index. | ||
| 650 |
_vmathematics _xstatistics |
||
| 942 | _cGEN | ||
| 999 |
_c3274 _d3274 |
||